| 000 | 00495nam a2200181Ia 4500 | ||
|---|---|---|---|
| 001 | 20015 | ||
| 005 | 20260306172735.0 | ||
| 008 | 260306t2016||||xx |||||||||||||| ||spa|| | ||
| 041 | _aESP | ||
| 082 |
_a342.21 _bD54 |
||
| 100 |
_aDelgado Neyra, Paulo César _eAUT |
||
| 245 | 0 |
_aCrímenes internacionales: _bimplementación del Estatuto de Roma al Código penal peruano |
|
| 260 | _c2016 | ||
| 300 |
_a231 páginas : _c24 cm. |
||
| 650 | _aGEN | ||
| 654 | _aCDE | ||
| 942 |
_cLIB _dJUS _fJUS _2ddc _n |
||
| 999 |
_c20015 _d20015 |
||